Logistické procesy vo vybranej spoločnosti bakalárska práca

Saved in:
Bibliographic Details
Main Author: Holeš, Martin
Corporate Author: Obchodná fakulta EU. Katedra marketingu
Other Authors: Rehák, Róbert, 1984-
Format: Book
Language:Slovak
Published: Bratislava 2016
Tags: Add Tag
No Tags, Be the first to tag this record!

MARC

LEADER 00000nbm a2200000 4500
001 0221549
005 20180618132521.2
041 0 |a slo 
044 |a SK 
245 1 0 |a Logistické procesy vo vybranej spoločnosti  |b bakalárska práca  |c Martin Holeš ; školiteľ: Róbert Rehák 
264 1 |a Bratislava  |c 2016 
300 |a 46 s. 
100 1 |a Holeš, Martin 
700 1 |a Rehák, Róbert, 1984- 
710 2 |a Obchodná fakulta EU. Katedra marketingu